ՄԱՅՐ ԱԹՈՌ ՍՈՒՐԲ ԷՋՄԻԱԾԻՆ

«ՎԱՉԵ ԵՎ ԹԱՄԱՐ ՄԱՆՈՒԿՅԱՆ» ՄԱՏԵՆԱԴԱՐԱՆ

Վրացական ուղեգրությունները և նրանց տեղեկությունները հայերի մասին: (Record no. 42544)

MARC details
000 -LEADER
fixed length control field 01186nam a22002297a 4500
003 - CONTROL NUMBER IDENTIFIER
control field SEM
005 - DATE AND TIME OF LATEST TRANSACTION
control field 20220608070747.0
008 - FIXED-LENGTH DATA ELEMENTS--GENERAL INFORMATION
fixed length control field 171122b xxu||||| |||| 00| 0 arm d
040 ## - CATALOGING SOURCE
Transcribing agency SEM
Original cataloging agency SEM
041 0# - LANGUAGE CODE
Language code of text/sound track or separate title arm.
080 ## - UNIVERSAL DECIMAL CLASSIFICATION NUMBER
Universal Decimal Classification number 947.925(093.1)/Չ-72
100 1# - MAIN ENTRY--PERSONAL NAME
Personal name Չոբանյան Պավել Աշոտի
Dates associated with a name (1948-)
245 10 - TITLE STATEMENT
Title Վրացական ուղեգրությունները և նրանց տեղեկությունները հայերի մասին:
Remainder of title XVIII դ. -XIX դ. 1-ին քառորդ: /
Statement of responsibility, etc. Պ. Չոբանյան; Պատ. խմբ.՝ Պ. Մուրադյան; ՀՍՍՀ ԳԱ Արևելագիտության ինստիտուտ
246 15 - VARYING FORM OF TITLE
Title proper/short title Грузинские путевые записи и их сведения об армянах. /
260 ## - PUBLICATION, DISTRIBUTION, ETC.
Place of publication, distribution, etc. Երևան:
Name of publisher, distributor, etc. ՀՍՍՀ ԳԱ հրատ,
Date of publication, distribution, etc. 1981.
300 ## - PHYSICAL DESCRIPTION
Extent 199 էջ;
Dimensions 20 սմ
504 ## - BIBLIOGRAPHY, ETC. NOTE
Bibliography, etc. note Ցանկեր` էջ 182-198
650 14 - SUBJECT ADDED ENTRY--TOPICAL TERM
Topical term or geographic name entry element Հայ ժողովրդի պատմություն
Chronological subdivision XVIII-XIX դարեր
700 1# - ADDED ENTRY--PERSONAL NAME
Personal name Մուրադյան Պարույր
Dates associated with a name 1933-2011
Relator term պատ. խմբ.
Relationship res. edt.
710 2# - ADDED ENTRY--CORPORATE NAME
Corporate name or jurisdiction name as entry element ՀՍՍՀ Գիտությունների ակադեմիա
Subordinate unit Արևելագիտության ինստիտուտ
942 ## - ADDED ENTRY ELEMENTS (KOHA)
Source of classification or shelving scheme Universal Decimal Classification
Koha item type Գրքեր/Books
Holdings
Withdrawn status Lost status Source of classification or shelving scheme Damaged status Not for loan Collection code Home library Current library Date acquired Cost, normal purchase price Inventory number Total Checkouts Full call number Barcode Date last seen Date last checked out Price effective from Koha item type Public note
    Universal Decimal Classification     Գրապահոց Մայր Աթոռ Սուրբ Էջմիածին «Վաչե և Թամար Մանուկյան» Մատենադարան Մայր Աթոռ Սուրբ Էջմիածին «Վաչե և Թամար Մանուկյան» Մատենադարան 22/11/2017 1000.00 317 1 947.925(093.1)/Չ-72 317 22/11/2017 16/11/2017 08/06/2022 Գրքեր/Books Սպասարկվում է 30 օր
    Universal Decimal Classification     Գրապահոց Մայր Աթոռ Սուրբ Էջմիածին «Վաչե և Թամար Մանուկյան» Մատենադարան Մայր Աթոռ Սուրբ Էջմիածին «Վաչե և Թամար Մանուկյան» Մատենադարան 22/11/2017 1000.00 4623   947.925(093.1)/Չ-72 4623 16/11/2014   08/06/2022 Գրքեր/Books Սպասարկվում է 30 օր
    Universal Decimal Classification     Գրապահոց Մայր Աթոռ Սուրբ Էջմիածին «Վաչե և Թամար Մանուկյան» Մատենադարան Մայր Աթոռ Սուրբ Էջմիածին «Վաչե և Թամար Մանուկյան» Մատենադարան 22/11/2017 1000.00 6414   947.925(093.1)/Չ-72 6414 16/11/2014   08/06/2022 Գրքեր/Books Սպասարկվում է ընթերցասրահ
    Universal Decimal Classification     Գրապահոց Մայր Աթոռ Սուրբ Էջմիածին «Վաչե և Թամար Մանուկյան» Մատենադարան Մայր Աթոռ Սուրբ Էջմիածին «Վաչե և Թամար Մանուկյան» Մատենադարան 17/12/2020 1000.00 32408   947.925(093.1)/Չ-72 32408 17/12/2020   17/12/2020 Գրքեր/Books Սպասարկվում է 30 օր